[Event "Keres Mem Rapid Women"]
[Site "Tallinn EST"]
[Date "2006.01.07"]
[Round "1"]
[White "Berzina,I"]
[Black "Cramling,P"]
[Result "1/2-1/2"]
[WhiteElo "2280"]
[BlackElo "2492"]
[EventDate "2006.01.07"]

1. e4 c5 2. Nf3 e6 3. c4 a6 4. Nc3 Qc7 5. Be2 b6 6. O-O Bb7 7. a3 Nf6 8. e5
Ng4 9. d4 cxd4 10. Qxd4 h5 11. Ne4 Nc6 12. Nd6+ Bxd6 13. Qxd6 Rc8 14. Bf4
Qxd6 15. exd6 f6 16. h3 Nge5 17. Be3 Na5 18. Nxe5 fxe5 19. Bxb6 Nxc4 20.
Bc7 Nd2 21. Rfe1 Nb3 22. Rad1 e4 23. Bc4 Nc5 24. b4 Nd3 25. Bxd3 exd3 26.
Rxd3 O-O 27. Re5 g6 28. Rg3 Kh7 29. b5 axb5 30. Rxb5 Bc6 31. Rb6 Bd5 32. a4
Ra8 33. Ra3 Ra5 34. Rb5 Ra6 35. a5 Rfa8 36. Rb8 Rxb8 37. Bxb8 g5 38. Bc7
Kg6 39. f3 e5 40. Kf2 Kf5 41. Ke3 g4 42. hxg4+ hxg4 43. Ra4 gxf3 44. gxf3
Bc6 45. Rc4 Bd5 46. Rc5 Ke6 47. f4 exf4+ 48. Kxf4 Rc6 49. Rb5 Rc4+ 50. Ke3
Ra4 51. Rb8 Bc6 52. Re8+ Kd5 53. Rh8 Bb7 54. Rh5+ Kc6 55. Kd3 Ba6+ 56. Kc3
Rg4 57. Re5 1/2-1/2

[Event "Keres Mem Rapid Women"]
[Site "Tallinn EST"]
[Date "2006.01.07"]
[Round "1"]
[White "Cmilyte,V"]
[Black "Grabuzova,T"]
[Result "1/2-1/2"]
[WhiteElo "2480"]
[BlackElo "2332"]
[EventDate "2006.01.07"]

1. d4 e6 2. g3 c5 3. Nf3 d5 4. Bg2 Nf6 5. c4 Nc6 6. cxd5 exd5 7. O-O Be7 8.
Nc3 O-O 9. Bg5 c4 10. Ne5 Be6 11. Qd2 Ng4 12. Bxe7 Nxe7 13. Nxg4 Bxg4 14.
Qg5 Be6 15. Rad1 Qd7 16. e4 h6 17. Qe3 b5 18. a3 a5 19. f4 dxe4 20. Bxe4
Nd5 21. Qd2 b4 22. f5 Nxc3 23. Bxa8 Nxd1 24. fxe6 Qxe6 25. Re1 Qd6 26. Be4
Nxb2 27. Qxb2 c3 28. Qf2 b3 29. Rc1 Qxa3 30. Qe3 b2 31. Rxc3 Qa1+ 32. Kg2
b1=Q 33. Rd3 Rc8 34. d5 Rc2+ 35. Rd2 1/2-1/2

[Event "Keres Mem Rapid Women"]
[Site "Tallinn EST"]
[Date "2006.01.07"]
[Round "1"]
[White "Fomina,T"]
[Black "Golubenko,Valen"]
[Result "0-1"]
[WhiteElo "2191"]
[BlackElo "2148"]
[EventDate "2006.01.07"]

1. e4 c5 2. Nf3 e6 3. c3 d5 4. e5 Ne7 5. Bd3 g6 6. O-O Bg7 7. Bc2 d4 8.
cxd4 cxd4 9. Na3 O-O 10. d3 Nbc6 11. Qe2 a6 12. Bb3 b5 13. Bg5 h6 14. Bh4
Qb6 15. Rac1 Nf5 16. Bf6 Bb7 17. g4 Nfe7 18. Nh4 g5 19. Ng2 Ng6 20. f4 gxf4
21. Nxf4 Ncxe5 22. Nh5 Bxf6 23. Rxf6 Rac8 24. Qd2 Rxc1+ 25. Qxc1 Qc6 26.
Qxc6 Bxc6 27. Nc2 Rd8 28. h3 Nxd3 29. Bxe6 Nge5 30. Bxf7+ Nxf7 31. Rxc6
Nxb2 32. Nxd4 Rxd4 33. Rxa6 Ra4 34. Rb6 b4 35. Kg2 Nd3 36. Kf3 Rxa2 37. Ke3
Ra3 38. Ke4 Nc5+ 39. Kf5 Kf8 40. Rc6 Rf3+ 41. Nf4 Nd3 42. Rc8+ Kg7 43. Ke4
Ng5+ 44. Kd4 Nxf4 45. h4 Nge6+ 46. Ke4 Rc3 47. Rb8 b3 48. g5 hxg5 49. hxg5
Kg6 50. Rg8+ Kf7 51. Rb8 Rc4+ 52. Kf5 Ng7+ 53. Ke5 b2 54. Rb6 Nd3+ 55. Kd5
Rb4 0-1

[Event "Keres Mem Rapid Women"]
[Site "Tallinn EST"]
[Date "2006.01.07"]
[Round "1"]
[White "Tsiganova,M"]
[Black "Ciuksyte,D"]
[Result "0-1"]
[WhiteElo "2282"]
[BlackElo "2370"]
[EventDate "2006.01.07"]

1. e4 c5 2. Nf3 e6 3. d4 cxd4 4. Nxd4 a6 5. Bd3 Bc5 6. Nb3 Be7 7. O-O d6 8.
Kh1 Nf6 9. Nc3 O-O 10. f4 Nbd7 11. Qe2 Qc7 12. a4 b6 13. Bd2 Bb7 14. Rae1
e5 15. fxe5 Nxe5 16. Nd4 g6 17. Bg5 Nfg4 18. Qd2 Bxg5 19. Qxg5 Qc5 20. Nf5
f6 21. Ne7+ Kf7 22. Ned5 Nf2+ 23. Rxf2 Qxf2 24. Qc1 Bxd5 25. Nxd5 Rac8 26.
Qd1 Nxd3 27. cxd3 Rc2 0-1

[Event "Keres Mem Rapid Women"]
[Site "Tallinn EST"]
[Date "2006.01.07"]
[Round "2"]
[White "Ciuksyte,D"]
[Black "Golubenko,Valen"]
[Result "0-1"]
[WhiteElo "2370"]
[BlackElo "2148"]
[EventDate "2006.01.07"]

1. e4 c5 2. Nf3 e6 3. d4 cxd4 4. Nxd4 Nf6 5. Nc3 d6 6. f4 a6 7. Qf3 Qb6 8.
Nb3 Qc7 9. Bd3 Be7 10. Bd2 b5 11. O-O-O Bb7 12. Qe2 Nc6 13. Rhe1 Nb4 14. a3
Nxd3+ 15. Qxd3 O-O 16. Nd4 Nd7 17. g4 Nc5 18. Qe2 Bf6 19. e5 dxe5 20. fxe5
Be7 21. g5 Rfd8 22. Bf4 Qa5 23. h4 b4 24. axb4 Qxb4 25. Qe3 Qa5 26. h5 Rab8
27. g6 Qa1+ 28. Nb1 Bd5 29. Qc3 Na4 30. Nb3 Rxb3 0-1

[Event "Keres Mem Rapid Women"]
[Site "Tallinn EST"]
[Date "2006.01.07"]
[Round "2"]
[White "Cramling,P"]
[Black "Cmilyte,V"]
[Result "1/2-1/2"]
[WhiteElo "2492"]
[BlackElo "2480"]
[EventDate "2006.01.07"]

1. Nf3 Nf6 2. c4 c5 3. Nc3 g6 4. d4 cxd4 5. Nxd4 Bg7 6. e4 d6 7. Be2 O-O 8.
O-O Nc6 9. Be3 a6 10. Nb3 Be6 11. Rc1 Rc8 12. f4 Na5 13. e5 Nxb3 14. Qxb3
dxe5 15. Rfd1 Qc7 16. Nd5 Bxd5 17. cxd5 Qb8 18. fxe5 Qxe5 19. Bf3 Rxc1 20.
Rxc1 h5 21. Bf2 Ng4 22. Bxg4 hxg4 23. Qxb7 Qxb2 24. Qxb2 Bxb2 25. Rc7 Rd8
26. Rxe7 Rxd5 27. Re8+ Kg7 28. Kf1 Bf6 29. Re4 Ra5 30. a4 Rg5 31. Kg1 Rd5
32. Kf1 Rg5 33. Kg1 Ba1 34. Bh4 Rd5 35. Rxg4 Be5 36. h3 Rd4 37. Rxd4 Bxd4+
38. Kf1 f5 39. Ke2 Kf7 40. Kd3 Bb6 41. Bg5 Ke8 42. Bc1 1/2-1/2

[Event "Keres Mem Rapid Women"]
[Site "Tallinn EST"]
[Date "2006.01.07"]
[Round "2"]
[White "Grabuzova,T"]
[Black "Fomina,T"]
[Result "1/2-1/2"]
[WhiteElo "2332"]
[BlackElo "2191"]
[EventDate "2006.01.07"]

1. d4 d5 2. c4 dxc4 3. Nf3 Nf6 4. Nc3 a6 5. e4 b5 6. e5 Nd5 7. a4 Nxc3 8.
bxc3 Bb7 9. Ba3 e6 10. Bxf8 Kxf8 11. Be2 g6 12. Qb1 Qd5 13. O-O Kg7 14. Ne1
c6 15. Bf3 Qd8 16. Nc2 Nd7 17. Ne3 Rb8 18. Rd1 h5 19. Nf1 Nb6 20. Ng3 Nd5
21. Ne4 c5 22. Nxc5 Nxc3 23. Nxb7 Rxb7 24. Qc2 Nxd1 25. Bxb7 Qxd4 26. Rxd1
Qxe5 27. Bxa6 bxa4 28. Bxc4 a3 29. g3 Rc8 30. Qd3 Qb2 31. Bxe6 Rc1 32. Bc4
a2 33. Bxa2 Qxa2 34. Qd4+ Kh7 1/2-1/2

[Event "Keres Mem Rapid Women"]
[Site "Tallinn EST"]
[Date "2006.01.07"]
[Round "2"]
[White "Tsiganova,M"]
[Black "Berzina,I"]
[Result "1/2-1/2"]
[WhiteElo "2282"]
[BlackElo "2280"]
[EventDate "2006.01.07"]

1. e4 c6 2. d4 d5 3. exd5 cxd5 4. c4 Nf6 5. Nc3 e6 6. Nf3 Nc6 7. Bg5 Be7 8.
a3 dxc4 9. Bxc4 O-O 10. O-O a6 11. Rc1 b5 12. Ba2 Bb7 13. Qd3 Rc8 14. Rfe1
Na5 15. Ne5 Qd6 16. Re3 Nc4 17. Rh3 g6 18. Bxc4 bxc4 19. Qe3 Nd5 20. Bxe7
Qxe7 21. Nxd5 Bxd5 22. Qh6 f6 23. Nxg6 hxg6 24. Qh8+ Kf7 25. Rh7+ Ke8 26.
Rxe7+ Kxe7 27. Qg7+ Kd6 28. g3 Be4 29. Qa7 Rc6 30. Qg7 Rcc8 31. h4 Bd3 32.
Re1 Rb8 33. d5 e5 34. f4 e4 35. Qa7 Rxb2 36. Qxa6+ Kxd5 37. Qa5+ Kd4 38.
Qa7+ Kc3 39. Rc1+ Kd2 40. Ra1 Rfb8 41. Qf2+ Kc3 42. Rc1+ Rc2 43. Rxc2+ Bxc2
44. Qe3+ Bd3 45. Qc1+ Kd4 46. Kf2 Rb1 47. Qe3+ Kc3 48. Qc5 Rb2+ 49. Kg1 Kb3
50. Qb6+ Kxa3 51. Qxf6 Kb3 52. Qb6+ Kc2 53. Qf2+ Kb1 54. Qe1+ Ka2 55. Qa5+
Kb1 56. Qe1+ Ka2 57. Qa5+ Kb1 58. Qe1+ Kc2 59. Qf2+ Kb3 60. Qb6+ Ka2 61.
Qa5+ Kb1 62. Qe1+ Ka2 63. Qa5+ 1/2-1/2

[Event "Keres Mem Rapid Women"]
[Site "Tallinn EST"]
[Date "2006.01.07"]
[Round "3"]
[White "Berzina,I"]
[Black "Ciuksyte,D"]
[Result "1-0"]
[WhiteElo "2280"]
[BlackElo "2370"]
[EventDate "2006.01.07"]

1. e4 c5 2. Nf3 e6 3. c4 Nc6 4. Nc3 Nf6 5. Be2 Qc7 6. O-O a6 7. a3 Be7 8.
d4 cxd4 9. Nxd4 O-O 10. Be3 d6 11. Rc1 Bd7 12. f4 Rac8 13. Qe1 Rfe8 14. Qf2
Qb8 15. b4 Nxd4 16. Bxd4 Bc6 17. b5 axb5 18. cxb5 Bd7 19. e5 Nd5 20. Nxd5
exd5 21. Bd3 Qa8 22. Qg3 Qa4 23. Bb2 d4 24. f5 Rxc1 25. Bxc1 dxe5 26. f6
Bf8 27. fxg7 Bd6 28. Bxh7+ Kxh7 1-0

[Event "Keres Mem Rapid Women"]
[Site "Tallinn EST"]
[Date "2006.01.07"]
[Round "3"]
[White "Cmilyte,V"]
[Black "Tsiganova,M"]
[Result "0-1"]
[WhiteElo "2480"]
[BlackElo "2282"]
[EventDate "2006.01.07"]

1. d4 Nf6 2. c4 g6 3. Nc3 Bg7 4. e4 d6 5. f3 O-O 6. Nge2 c5 7. d5 e6 8. Ng3
exd5 9. cxd5 a6 10. a4 Nbd7 11. Be2 Rb8 12. Be3 Re8 13. O-O h5 14. Nh1 Qc7
15. Qd2 c4 16. Rac1 b5 17. b4 Ne5 18. axb5 axb5 19. Nf2 Qe7 20. Ra1 Nh7 21.
Ra7 Qf6 22. Nfd1 g5 23. Kh1 Qg6 24. Nf2 Bf6 25. Bd1 Qg7 26. Ne2 h4 27. Nd4
Nd3 28. Nc6 Bc3 29. Qe2 Nxf2+ 30. Qxf2 Rb7 31. Rxb7 Bxb7 32. Bd4 Bxd4 33.
Nxd4 Ba6 34. Bc2 Rb8 35. Ra1 Bc8 36. h3 Qe5 37. Ra7 Qf4 38. Nc6 Rb7 39. Ra8
Qc1+ 40. Kh2 Qf4+ 41. Kh1 Qc1+ 42. Kh2 Qf4+ 43. g3 hxg3+ 44. Qxg3 Qd2+ 45.
Qg2 Qf4+ 46. Kh1 Qc1+ 47. Qg1 Qxc2 48. Rxc8+ Kg7 49. h4 Qe2 50. Nd4 Qd3 51.
hxg5 Nf8 52. Nf5+ Kg8 53. Qg2 Ra7 54. Nh6+ Kg7 55. Qb2+ Kg6 56. Qf6+ Kh5
57. Ra8 Rxa8 58. Qxf7+ Kxg5 59. Qg7+ Kh5 60. Nf5 Qf1+ 61. Kh2 Ra2+ 0-1

[Event "Keres Mem Rapid Women"]
[Site "Tallinn EST"]
[Date "2006.01.07"]
[Round "3"]
[White "Fomina,T"]
[Black "Cramling,P"]
[Result "0-1"]
[WhiteElo "2191"]
[BlackElo "2492"]
[EventDate "2006.01.07"]

1. d4 d5 2. Nc3 Nf6 3. Bg5 Nbd7 4. Qd2 h6 5. Bh4 g6 6. f3 e6 7. e4 Nxe4 8.
Bxd8 Nxd2 9. Bxc7 Nxf1 10. Kxf1 b6 11. Nge2 Ba6 12. Kf2 Rc8 13. Bf4 Bg7 14.
Rad1 Nb8 15. Be5 f6 16. Bxb8 Rxb8 17. Nf4 Kf7 18. h4 Rbc8 19. Rhe1 Rhe8 20.
Re3 g5 21. hxg5 hxg5 22. Nh5 Bh8 23. g4 Rc4 24. Kg2 Bb7 25. f4 gxf4 26.
Nxf4 e5 27. Nfe2 f5 28. gxf5 exd4 29. Rxe8 Kxe8 30. Nb5 Rxc2 31. Kf3 d3 32.
Ned4 Bxd4 33. Nxd4 Rxb2 34. Kf4 Rxa2 35. Rxd3 Kd7 36. Ke5 Ra1 37. f6 Re1+
38. Kf5 Ke8 39. Rg3 Bc8+ 40. Kg6 Kf8 41. Nf3 Rf1 42. Nh4 Be6 43. Kg5 Kf7
44. Nf3 a5 45. Ne5+ Ke8 46. Kg6 Kf8 47. Rg5 a4 48. Nc6 Bf7+ 49. Kh6 Rh1+
0-1

[Event "Keres Mem Rapid Women"]
[Site "Tallinn EST"]
[Date "2006.01.07"]
[Round "3"]
[White "Golubenko,Valen"]
[Black "Grabuzova,T"]
[Result "1/2-1/2"]
[WhiteElo "2148"]
[BlackElo "2332"]
[EventDate "2006.01.07"]

1. d4 e6 2. c4 f5 3. Nf3 Nf6 4. g3 b6 5. Bg2 Bb7 6. O-O g6 7. Nc3 Bg7 8. d5
O-O 9. Qb3 Na6 10. Rd1 Nc5 11. Qc2 Qe7 12. Bf4 d6 13. dxe6 Nxe6 14. Bc1 Nc5
15. Nd5 Nxd5 16. cxd5 Rae8 17. Be3 f4 18. gxf4 Bc8 19. Bxc5 bxc5 20. e3 Bf5
21. Qd2 Rb8 22. Rab1 Bxb1 23. Rxb1 Qe4 24. Qd1 Rxb2 25. Rxb2 Bxb2 26. Nd4
Qe7 27. Nc6 Qg7 28. Qc2 Re8 29. Kf1 Qc3 30. Qxc3 Bxc3 31. Bf3 a5 32. a4 Ra8
33. Be2 Kf7 34. Bd3 Kf6 35. Ke2 Rg8 36. h4 h6 37. Kf3 g5 38. hxg5+ hxg5 39.
Kg4 gxf4+ 40. Kxf4 Rg1 41. Ke4 Re1 42. Bc4 Be5 43. Nxa5 Ra1 44. Bb5 Ra2 45.
f4 Bc3 46. Nc4 Ra1 47. Kd3 Be1 48. Ke2 Bc3 49. Kd3 Be1 50. Ke2 1/2-1/2